Guessing Countries by 5 Facts - Statistics

General Stats
  • This quiz has been taken 28 times
    15 since last reset
  • The average score is 6 of 10
Answer Stats
Hint Country % Correct
. The Nile river runs through. Has a population of 112.7 million . Has an area of 1.002 million km2 . Above the equator . 2nd best economy in Africa Egypt
100%
. North of the equator . Has a population of 11.09 million . It is the second most corrupt country . Gained independence on 9 July 2011 . It is the youngest country South Sudan
75%
. Population of 5.584 million. The happiest country . In Europe . A Nordic country . Features a cross in its flag Finland
67%
. Population of 216.4 million. 7th most amount of lakes . Has won 171 olympic medals . Has a coastline of 7‚400 km . Speaks Portuguese Brazil
58%
. Has a flag with 2 colours . Joint first in most snowfall a year . A commonwealth country . Has the most lakes . Second biggest country Canada
58%
. Has a flag with 3 colours . Has an area 147,516 km . Is landlocked . Has the highest point in the world . Has a non - rectangular flag Nepal
58%
. English most commonly spoken. A commonwealth country . Has a flag with 6 colours . Joined BRICS in 2010 . In Africa South Africa
58%
. 13th largest country. Recognised from 28 December 1836 . Has 4 time zones . Has a life expectancy of 74.83 years . Speaks Spanish Mexico
50%
. Has a flag with 2 colours
. Least corrupt country . Has a constitutional monarchy . Joined th EU on 1 January 1973 . Borders 2 countries
Denmark
42%
. Gained independence on 28 October 1835. Has a constitutional monarchy . A highest point of 3,724 metres . An island nation . In the southern hemisphere New Zealand
17%
No matching quizzes found
Score Distribution
Percent of People with Each Score
Percentile by Number Answered
Your Score History
You have not taken this quiz since the last reset